| 000 | 00575nam a2200181 i 4500 | ||
|---|---|---|---|
| 001 | 171936 | ||
| 003 | ES-MaACL | ||
| 005 | 20250730025326.0 | ||
| 008 | 090609s1932 fr |||| | fre d | ||
| 100 | 1 |
_aSorrel, Etienne. _9107425 |
|
| 245 | 1 | 0 |
_aTuberculose osseuse et ostéo-articulaire / _cpar Étienne Sorrel et Mme Sorrel-Dejerine. |
| 260 |
_aParis : _bMasson et cie., _c1932. |
||
| 300 |
_a512 p. : _bil. ; _c32 cm. |
||
| 650 | 0 | 7 |
_aTuberculosis _2embne _917658 |
| 700 | 1 |
_aSorrel-Dejerine, Yvonne. _9140555 |
|
| 852 |
_aES-MaACL _jB-11806 |
||
| 999 |
_c171936 _d171936 |
||